000 01211nam a2200325Ia 4500
001 ebr10251430
003 CaPaEBR
006 m u
007 cr cn|||||||||
008 080630s2008 mau sb 001 0 eng d
010 _z 2008028602
020 _z9781931930529 (alk. paper)
040 _aCaPaEBR
_cCaPaEBR
035 _a(OCoLC)471129049
050 1 4 _aHQ1032
_b.R66 2008eb
082 0 4 _a306.84/5
_222
100 1 _aRomano, Dugan.
245 1 0 _aIntercultural marriage
_h[electronic resource] :
_bpromises and pitfalls /
_cDugan Romano.
250 _a3rd ed.
260 _aBoston, MA :
_bIntercultural Press,
_cc2008.
300 _axviii, 214 p.
504 _aIncludes bibliographical references and index.
533 _aElectronic reproduction.
_bPalo Alto, Calif. :
_cebrary,
_d2009.
_nAvailable via World Wide Web.
_nAccess may be limited to ebrary affiliated libraries.
650 0 _aIntercountry marriage.
650 0 _aIntercultural communication.
650 0 _aIntermarriage.
655 7 _aElectronic books.
_2local
710 2 _aebrary, Inc.
856 4 0 _uhttp://site.ebrary.com/lib/rucke/Doc?id=10251430
_zAn electronic book accessible through the World Wide Web; click to view
999 _c35845
_d35845